000 00381nam a2200145Ia 4500
008 240624s9999 xx 000 0 und d
041 _aeng
082 _a658.15 RUS
100 _aRUSTAGI R P
245 _aFINANCIAL MANAGEMENT PROBLEMS AND SOLUTIONS
250 _a(2nd Revised)
260 _c2011
_aNew Delhi
_bTaxmann
300 _ai-19, : 559 : p. : cm. ; 28
365 _cRS
_b29
999 _c19365
_d19365